Senarai istilah warna : Bahasa Inggeris-Bahasa Malaysia
| Corporate Author: | |
|---|---|
| Format: | Book |
| Published: |
Kuala Lumpur :
Dewan Bahasa dan Pustaka ,
1981
|
| Subjects: |
MARC
| LEADER | 00000cam a2200000 7i4500 | ||
|---|---|---|---|
| 001 | 0000008570 | ||
| 005 | 20050425.0 | ||
| 040 | |a INS | ||
| 090 | 0 | 0 | |a QC494.2. |b S46 1981 |
| 245 | 1 | 0 | |a Senarai istilah warna : |b Bahasa Inggeris-Bahasa Malaysia |
| 260 | |a Kuala Lumpur : |b Dewan Bahasa dan Pustaka , |c 1981 | ||
| 300 | |a 31 ms. ; |c 22 cm. | ||
| 650 | 0 | 0 | |a color |x Terminology |
| 710 | 2 | |a Dewan Bahasa dan Pustaka | |
| 999 | |a 0000003273 |b BOOK |c Reference |e Default branch | ||